| 000 | 00713nas a2200253 4500 | ||
|---|---|---|---|
| 001 | BR0202718 | ||
| 003 | BR-BrBNA | ||
| 005 | 20231205103009.0 | ||
| 007 | ta | ||
| 008 | 230509b bl.|||p| |||| 00| 00por d | ||
| 040 |
_aBR-BrBNA _bpor _cBiblioteca Nacional de Agricultura |
||
| 041 | _a(Pt) | ||
| 072 | _aE72; E14 | ||
| 100 | 1 | _aPinazza, L.A. | |
| 100 | 1 | _aAlimandro, R. | |
| 245 | 1 | _aA grandeza de acreditar e mudar | |
| 650 | _aAGRIBUSINESS | ||
| 650 | _aPOLÍTICA DE DESENVOLVIMENTO | ||
| 650 | _aMODERNIZAÇÃO | ||
| 650 | _aGOIÁS | ||
| 773 | 0 |
_tAgroanalysis (Brazil) _xISSN 100-4298 _g(Jan 2002), v. 22(1) p. 19-24 _wBR0202718 |
|
| 909 |
_a202311 _bLúcia _c55 _dLúcia Elande |
||
| 942 |
_2AGRIS _n0 _cANA |
||
| 999 |
_c170465 _d170465 |
||